000 00990nam a2200277Ia 4500
003 OSt
005 20221006155038.0
006 a|||||r|||| 00| 0
007 ta
008 221006b |||||||| |||| 00| 0 eng d
020 _a9780815319573
_c9700.00 (each)
024 _a40,188
037 _b292/2011-12, 29/03/2012, Pioneer Book Distributors
_cTextual
040 _aEASL
_cEASL
_beng
041 _2eng
_aeng
082 _aT4.495, P0
100 _aWeidman John C Ed.
_9668207
245 0 _aHigher education in Korea
_b Tradition and adaptation
260 _aNew York
_bFalmer Press (A Member of the
_c2000
300 _axii,264p.
_ccm.
490 _v KEL
_aGarland Studies in Higher Education, Vol.17. Garland Reference Library of Social Sciences Vol. 1013
650 _aKEL
700 _a Park Namgi Ed.
_9668208
942 _hT4.495, P0
_cTEXL
_2CC
999 _c1108274
_d1108274